Enhancement of rubber seeds (Hevea brasiliensis) in pig feed in Ivory Coast (Record no. 75695)

MARC details
000 -LEADER
fixed length control field 00711nam a22001817a 4500
100 ## - MAIN ENTRY--AUTHOR NAME
Personal name Kouakou, N.D.V.
245 ## - TITLE STATEMENT
Title Enhancement of rubber seeds (Hevea brasiliensis) in pig feed in Ivory Coast
260 ## - PUBLICATION, DISTRIBUTION, ETC. (IMPRINT)
Name of publisher Natural Rubber Industry: An Asset for Socio-economic development and preservation of the Environment: Proceedings of the International Rubber Conference, IRC 2018, 22-23 October 2018, International Rubber Research and Development Board, Abidjan, Cote D' Ivoire, pp. 135-140.
650 ## - SUBJECT ADDED ENTRY--TOPICAL TERM
Topical Term Rubber seed
650 ## - SUBJECT ADDED ENTRY--TOPICAL TERM
Topical Term Pig
650 ## - SUBJECT ADDED ENTRY--TOPICAL TERM
Topical Term Feed
700 ## - ADDED ENTRY--PERSONAL NAME
Personal name Angbo-Kouakou, C.E.M.
700 ## - ADDED ENTRY--PERSONAL NAME
Personal name Kone, G.A.
700 ## - ADDED ENTRY--PERSONAL NAME
Personal name Yeboue, F.P.
700 ## - ADDED ENTRY--PERSONAL NAME
Personal name Kouadio, K.B.
942 ## - ADDED ENTRY ELEMENTS (KOHA)
Koha item type Articles
Holdings
Withdrawn status Lost status Damaged status Not for loan Home library Current library Date acquired Koha item type
        RRII Library RRII Library 28/10/2025 Articles